| 000 | 00374 a2200133 4500 | ||
|---|---|---|---|
| 001 | 153877 | ||
| 040 | _cEscola São Tomás de Aquino | ||
| 100 | _aOLIVEIRA FILHO, Milton Célio de | ||
| 240 | 1 | 0 |
_aO caso da lagarta que tomou chá de sumiço _lpor |
| 245 | 1 | 0 | _aO caso da lagarta que tomou chá de sumiço |
| 362 | 0 | _a2007 | |
| 697 | _a*LITERATURA INFANTIL | ||
| 942 | _cBK | ||
| 999 |
_c153877 _d153877 |
||